Pre degree chemistry / (Record no. 10708)
[ view plain ]
| 000 -LEADER | |
|---|---|
| fixed length control field | 00404cam a2200169ua 4500 |
| 041 ## - LANGUAGE CODE | |
| Language code of text/sound track or separate title | eng |
| 082 ## - DEWEY DECIMAL CLASSIFICATION NUMBER | |
| Classification number | 540 |
| Item number | THO/PR |
| 100 ## - MAIN ENTRY--AUTHOR NAME | |
| Personal name | Thomas, P M . |
| 245 ## - TITLE STATEMENT | |
| Title | Pre degree chemistry / |
| 260 ## - PUBLICATION, DISTRIBUTION, ETC. (IMPRINT) | |
| Place of publication | Madras : |
| Name of publisher | National publishing co. , |
| Year of publication | 1965. |
| 300 ## - PHYSICAL DESCRIPTION | |
| Number of Pages | 435 ; . |
| 942 ## - ADDED ENTRY ELEMENTS (KOHA) | |
| Koha item type | Books |
| Withdrawn status | Lost status | Damaged status | Home library | Current library | Date acquired | Full call number | Accession Number | Koha item type |
|---|---|---|---|---|---|---|---|---|
| Damaged | KAUAET | KAUAET | 07/04/2012 | 540 | 12144 | Books | ||
| KAUAET | KAUAET | 27/11/2023 | 540 THO/PR | 12141 | Books | |||
| KAUAET | KAUAET | 27/11/2023 | 540 THO/PR | 12142 | Books | |||
| KAUAET | KAUAET | 27/11/2023 | 540 THO/PR | 12143 | Books |
